00473nam a2200205Ia 4500008004100000020001800041050001600059100001600075245003400091245001900125260001500144260001600159260000900175300001600184300002000200300001000220300002300230440000600253500000800259170918s9999 xx 000 0 und d a9780545126595 bK414ch 2010 aKerr, P. B. 4aThe five Fakirs of Faizabad / cby P. B. Kerr. aNew York : bScholastic, c2010 a439 pages : billustrations ; c19cm. eChildren of lamp ; a6 a900